000 00368 a2200169 4500
001 69619
020 _a8526237268
040 _cAnchieta - Itaigara
100 _aLima, Edy
240 1 0 _aAo sol do novo mundo
_lpor
245 1 0 _aAo sol do novo mundo
300 _a63
362 0 _a2000
440 1 _aScipione
650 4 _aLiteratura infanto-juvenil
942 _cBK
999 _c69619
_d69619